Socialist Register 2004: el nuevo desafío imperial /
Guardado en:
| Autor principal: | |
|---|---|
| Autor Corporativo: | |
| Otros Autores: | |
| Formato: | Texto |
| Publicado: |
Buenos Aires:
Merlin Press
|
| Etiquetas: |
Agregar Etiqueta
Sin Etiquetas, Sea el primero en etiquetar este registro!
|
MARC
| LEADER | 00000 a a2200000 04500 | ||
|---|---|---|---|
| 001 | 31030 | ||
| 003 | |||
| 040 | |||
| 020 | |a 987-1183-10-0 | ||
| 090 | |a 197101 |b | ||
| 100 | |a Panitch, Leo | ||
| 110 | |a CLACSO | ||
| 245 | |a Socialist Register 2004: el nuevo desafío imperial / |c Leo Panitch | ||
| 260 | |a Buenos Aires: |b Merlin Press | ||
| 300 | |a 281 p. | ||
| 700 | |a ed. |a Leys, Collin |a ed. | ||
| 999 | |c 12625 |d 12625 | ||



